[Event "Aeroflot Open 2012 A"]
[Site "Moscow"]
[Date "2012.02.11"]
[Round "5"]
[White "Andreikin, Dmitry"]
[Black "Robson, Ray"]
[Result "1-0"]
[WhiteElo "2688"]
[BlackElo "2596"]
[PlyCount "63"]
[EventDate "2012.02.07"]
[EventRounds "9"]
[EventCountry "RUS"]

1. c4 e6 2. Nf3 d5 3. g3 c5 4. Bg2 Nc6 5. O-O Nf6 6. cxd5 exd5 7. d4 Be7 8.
dxc5 O-O 9. Be3 Ng4 10. Bd4 Nxd4 11. Qxd4 Be6 12. Nbd2 Bf6 13. Qb4 Qe7 14. e4
a5 15. Qa3 b5 16. h3 b4 17. Qd3 Bxb2 18. hxg4 Bxa1 19. exd5 Rfd8 20. d6 Bf6 21.
Ng5 Bxg5 22. Bxa8 Qe8 23. Ne4 h6 24. Bd5 Bxg4 25. f4 Be7 26. dxe7 Qxe7 27. Qd4
Kf8 28. Nd6 Qa7 29. Bc4 a4 30. Re1 b3 31. axb3 axb3 32. Bxb3 1-0

[Event "Aeroflot Open 2012 A"]
[Site "Moscow"]
[Date "2012.02.11"]
[Round "5"]
[White "Esen, Baris"]
[Black "Kobalia, Mikhail"]
[Result "1-0"]
[WhiteElo "2534"]
[BlackElo "2673"]
[PlyCount "81"]
[EventDate "2012.02.07"]
[EventRounds "9"]
[EventCountry "RUS"]

1. d4 d5 2. Nf3 Nf6 3. c4 c6 4. Nc3 dxc4 5. a4 e6 6. e3 c5 7. Bxc4 Nc6 8. O-O
cxd4 9. exd4 Be7 10. Qe2 O-O 11. Rd1 Nd5 12. Qe4 Nf6 13. Qe2 Nd5 14. Qe4 Ncb4
15. Ne5 Bf6 16. Bd2 a5 17. Rac1 Bd7 18. Qg4 Bc6 19. b3 Ne7 20. Ne4 Bxe4 21.
Qxe4 Nbd5 22. g3 g6 23. h4 Nf5 24. h5 Qd6 25. Nf3 Rfd8 26. Kg2 Qb6 27. Qg4 Rd6
28. hxg6 hxg6 29. Bg5 Bxg5 30. Qxg5 Qd8 31. Qd2 Qf6 32. Rh1 Rdd8 33. Rh3 Ng7
34. Bxd5 Rxd5 35. g4 e5 36. Qh6 Ne6 37. Qh7+ Kf8 38. dxe5 Qf4 39. Rc4 Nd4 40.
Qh8+ Ke7 41. Qxa8 1-0

[Event "Aeroflot Open 2012 A"]
[Site "Moscow"]
[Date "2012.02.11"]
[Round "5"]
[White "Bartel, Mateusz"]
[Black "Popov, Ivan"]
[Result "1-0"]
[WhiteElo "2658"]
[BlackElo "2599"]
[PlyCount "85"]
[EventDate "2012.02.07"]
[EventRounds "9"]
[EventCountry "RUS"]

1. Nf3 Nf6 2. c4 e6 3. g3 a6 4. Bg2 b5 5. Na3 d5 6. cxd5 Nxd5 7. Nc2 Bb7 8. b3
Be7 9. Bb2 O-O 10. O-O Nd7 11. e4 N5f6 12. d3 c5 13. Ne3 Nb8 14. Ne5 Nc6 15.
Nxc6 Bxc6 16. Rc1 Rc8 17. Ng4 Ba8 18. Ne5 Rc7 19. Qe2 Nd7 20. Ng4 Nf6 21. Bc3
b4 22. Be5 Nxg4 23. Qxg4 Bf6 24. Bxc7 Qxc7 25. e5 Qxe5 26. Qc4 Bxg2 27. Kxg2
Be7 28. Qxa6 Qd5+ 29. Kg1 Ra8 30. Qc4 Qxc4 31. Rxc4 Rxa2 32. d4 cxd4 33. Rc8+
Bf8 34. Rd1 e5 35. f4 g6 36. fxe5 Re2 37. Rxd4 Kg7 38. Rd5 Be7 39. Kf1 Re4 40.
Kf2 f6 41. Rc4 Rxe5 42. Rxe5 fxe5 43. Rc6 1-0

[Event "Aeroflot Open 2012 A"]
[Site "Moscow"]
[Date "2012.02.11"]
[Round "5"]
[White "Sjugirov, Sanan"]
[Black "Ragger, Markus"]
[Result "1/2-1/2"]
[WhiteElo "2622"]
[BlackElo "2655"]
[PlyCount "65"]
[EventDate "2012.02.07"]
[EventRounds "9"]
[EventCountry "RUS"]

1. d4 Nf6 2. c4 e6 3. Nc3 Bb4 4. e3 c5 5. a3 cxd4 6. axb4 dxc3 7. bxc3 d5 8.
cxd5 exd5 9. c4 O-O 10. Nf3 Bg4 11. Bb2 Qe7 12. c5 a5 13. Be2 Nbd7 14. bxa5
Qxc5 15. Qd2 Ne4 16. Qd4 f6 17. O-O Qxd4 18. Bxd4 Ne5 19. Rfc1 Nd2 20. Nxd2
Bxe2 21. Bxe5 fxe5 22. Rc5 Rfd8 23. Re1 Bh5 24. h3 Rd7 25. e4 Rad8 26. exd5
Rxd5 27. Rxe5 Rxe5 28. Rxe5 Rxd2 29. Rxh5 b6 30. axb6 Rb2 31. Ra5 Rxb6 32. g4
Rb7 33. Kg2 1/2-1/2

[Event "Aeroflot Open 2012 A"]
[Site "Moscow"]
[Date "2012.02.11"]
[Round "5"]
[White "Gajewski, Grzegorz"]
[Black "Iordachescu, Viorel"]
[Result "1/2-1/2"]
[WhiteElo "2616"]
[BlackElo "2651"]
[PlyCount "76"]
[EventDate "2012.02.07"]
[EventRounds "9"]
[EventCountry "RUS"]

1. d4 Nf6 2. c4 e6 3. Nc3 Bb4 4. e3 O-O 5. Bd3 d5 6. Nf3 c5 7. a3 Bxc3+ 8. bxc3
dxc4 9. Bxc4 Qc7 10. Be2 b6 11. O-O Bb7 12. Bb2 Rd8 13. Re1 Nc6 14. a4 Rac8 15.
Rc1 Qb8 16. c4 cxd4 17. exd4 Qf4 18. g3 Qd6 19. Bd3 Ne7 20. d5 Ng6 21. Bxf6
gxf6 22. Nd4 Qc5 23. Qg4 Rc7 24. Rcd1 exd5 25. Nf5 Bc8 26. cxd5 Bxf5 27. Qxf5
Kg7 28. Bb5 Re7 29. Rxe7 Nxe7 30. Qg4+ Kf8 31. Bc4 Qb4 32. Qf4 Qxa4 33. Re1 Qb4
34. Re3 Kg7 35. Qc7 Rc8 36. Qxe7 Qxe7 37. Rxe7 Rxc4 38. Rxa7 Rd4 1/2-1/2

[Event "Aeroflot Open 2012 A"]
[Site "Moscow"]
[Date "2012.02.11"]
[Round "5"]
[White "Sethuraman, S.P."]
[Black "Negi, Parimarjan"]
[Result "1/2-1/2"]
[WhiteElo "2529"]
[BlackElo "2641"]
[PlyCount "58"]
[EventDate "2012.02.07"]
[EventRounds "9"]
[EventCountry "RUS"]

1. d4 d5 2. c4 c6 3. Nc3 Nf6 4. e3 e6 5. Nf3 Nbd7 6. Qc2 Bd6 7. Bd3 O-O 8. O-O
dxc4 9. Bxc4 b5 10. Be2 a6 11. e4 e5 12. Bg5 exd4 13. Nxd4 Qc7 14. g3 h6 15.
Be3 Ne5 16. Nf5 Bxf5 17. exf5 Rfe8 18. Rad1 Rad8 19. Bf4 Nc4 20. Bxc4 Bxf4 21.
Be2 Be5 22. Bf3 c5 23. a4 Qa5 24. Bc6 Rxd1 25. Nxd1 Rb8 26. Qxc5 Qc7 27. axb5
Rxb5 28. Qc2 Rb6 29. Ba4 Qxc2 1/2-1/2

[Event "Aeroflot Open 2012 A"]
[Site "Moscow"]
[Date "2012.02.11"]
[Round "5"]
[White "Adhiban, B."]
[Black "Nepomniachtchi, Ian"]
[Result "0-1"]
[WhiteElo "2561"]
[BlackElo "2735"]
[PlyCount "84"]
[EventDate "2012.02.07"]
[EventRounds "9"]
[EventCountry "RUS"]

1. d4 Nf6 2. c4 g6 3. Nc3 d5 4. cxd5 Nxd5 5. e4 Nxc3 6. bxc3 Bg7 7. Bc4 c5 8.
Ne2 Nc6 9. Be3 O-O 10. O-O Qc7 11. Rb1 Rd8 12. Qc1 Bg4 13. Nf4 cxd4 14. cxd4
Rac8 15. f3 Nxd4 16. Bxf7+ Kxf7 17. Qxc7 Rxc7 18. fxg4 Ke8 19. Kh1 Rd6 20. Nd5
Rcd7 21. g5 Re6 22. Bxd4 Bxd4 23. Rf4 Be5 24. Rh4 Ra6 25. Rxh7 Rxa2 26. h4 a5
27. g3 Ra1 28. Rxa1 Bxa1 29. Nb6 Rd6 30. Nd5 Kf8 31. Nxe7 a4 32. h5 gxh5 33.
Nf5 Rb6 34. g6 a3 35. Rf7+ Ke8 36. Rxb7 Rxb7 37. Nd6+ Kd7 38. Nxb7 a2 39. Na5
Bg7 40. Nb3 Kc6 41. Kg2 Kb5 42. Kf3 Kb4 0-1

[Event "Aeroflot Open 2012 A"]
[Site "Moscow"]
[Date "2012.02.11"]
[Round "5"]
[White "Zherebukh, Yaroslav"]
[Black "Vallejo Pons, Francisco"]
[Result "1-0"]
[WhiteElo "2594"]
[BlackElo "2705"]
[PlyCount "101"]
[EventDate "2012.02.07"]
[EventRounds "9"]
[EventCountry "RUS"]

1. e4 e6 2. d4 d5 3. Nc3 Bb4 4. e5 c5 5. a3 Bxc3+ 6. bxc3 Ne7 7. h4 Qc7 8. Nf3
Nd7 9. h5 h6 10. Bd3 Nb6 11. O-O Bd7 12. dxc5 Na4 13. Be3 Nxc5 14. Bxc5 Qxc5
15. Qd2 Rc8 16. Rab1 b6 17. Rb4 Qxc3 18. Qe3 Nf5 19. Qc1 O-O 20. g4 f6 21. gxf5
fxe5 22. fxe6 Bxe6 23. Qe3 e4 24. Nd4 Qxa3 25. Rfb1 Bf7 26. Be2 Rc3 27. Qc1
Rg3+ 28. Kh2 Qxc1 29. Rxc1 Ra3 30. Kg2 Re8 31. Nb5 Ra5 32. Nd6 Re5 33. Nxf7
Kxf7 34. Rd4 Rg5+ 35. Kf1 b5 36. Rcd1 Ke6 37. f4 exf3 38. Bxf3 b4 39. Rxb4 Rc5
40. Rd2 g6 41. hxg6 Rxg6 42. Rbd4 Rg5 43. Rh4 h5 44. Bxh5 Rc4 45. Rxc4 dxc4 46.
Be2 c3 47. Rd4 Rc5 48. Ra4 a5 49. Bc4+ Kd6 50. Ke2 Rh5 51. Kd3 1-0

[Event "Aeroflot Open 2012 A"]
[Site "Moscow"]
[Date "2012.02.11"]
[Round "5"]
[White "Jobava, Baadur"]
[Black "Ponkratov, Pavel"]
[Result "1-0"]
[WhiteElo "2704"]
[BlackElo "2611"]
[PlyCount "61"]
[EventDate "2012.02.07"]
[EventRounds "9"]
[EventCountry "RUS"]

1. d4 Nf6 2. c4 c5 3. d5 g6 4. Nc3 Bg7 5. e4 d6 6. f4 e6 7. Nf3 exd5 8. cxd5
O-O 9. Be2 Re8 10. e5 dxe5 11. fxe5 Ng4 12. e6 fxe6 13. Bg5 Qb6 14. Qd2 c4 15.
O-O-O exd5 16. Nxd5 Qxb2+ 17. Qxb2 Bxb2+ 18. Kxb2 Rxe2+ 19. Kc3 Nc6 20. Rhe1
Rxe1 21. Rxe1 Bf5 22. h3 Nf2 23. Bh6 Nd3 24. Ng5 Nce5 25. Rf1 b5 26. g4 b4+ 27.
Kd4 Rd8 28. gxf5 b3 29. axb3 cxb3 30. fxg6 hxg6 31. Ke4 1-0

[Event "Aeroflot Open 2012 A"]
[Site "Moscow"]
[Date "2012.02.11"]
[Round "5"]
[White "Akopian, Vladimir"]
[Black "Zhigalko, Andrey"]
[Result "1/2-1/2"]
[WhiteElo "2685"]
[BlackElo "2576"]
[PlyCount "106"]
[EventDate "2012.02.07"]
[EventRounds "9"]
[EventCountry "RUS"]

1. e4 c6 2. d4 d5 3. e5 c5 4. dxc5 e6 5. a3 Bxc5 6. Qg4 Ne7 7. Qxg7 Ng6 8. Nc3
Nc6 9. Qh6 Ncxe5 10. Nh3 Bd7 11. Qh5 Bc6 12. f4 d4 13. Nb5 d3 14. Nc3 Qh4+ 15.
Qxh4 Nxh4 16. fxe5 Nxg2+ 17. Bxg2 Bxg2 18. Rg1 Bxh3 19. Rg3 Bf5 20. cxd3 O-O-O
21. Ke2 h5 22. h4 Be7 23. Bg5 Bxg5 24. Rxg5 Bxd3+ 25. Ke3 Bg6 26. Nb5 Rd3+ 27.
Kf4 Kb8 28. Rg3 Rxg3 29. Kxg3 Rc8 30. b4 a6 31. Nd6 Rc3+ 32. Kf4 Kc7 33. Kg5 b6
34. a4 Kd7 35. a5 b5 36. Kf6 Rf3+ 37. Kg7 Kc6 38. Rc1+ Kd5 39. Rc5+ Kd4 40. Rc6
Kxe5 41. Rxa6 Rf4 42. Rb6 Rxb4 43. a6 Rxh4 44. Nxf7+ Bxf7 45. Rxb5+ Kd6 46.
Kxf7 Rf4+ 47. Kg6 h4 48. Ra5 Rf8 49. a7 Ra8 50. Kg5 h3 51. Kf4 h2 52. Rh5 Rxa7
53. Rxh2 Ra4+ 1/2-1/2

[Event "Aeroflot Open 2012 A"]
[Site "Moscow"]
[Date "2012.02.11"]
[Round "5"]
[White "Iturrizaga, Eduardo"]
[Black "Grigoriants, Sergey"]
[Result "1/2-1/2"]
[WhiteElo "2649"]
[BlackElo "2570"]
[PlyCount "36"]
[EventDate "2012.02.07"]
[EventRounds "9"]
[EventCountry "RUS"]

1. Nf3 g6 2. d4 Nf6 3. c4 Bg7 4. Nc3 d5 5. e3 O-O 6. b4 Bg4 7. Bb2 c6 8. h3
Bxf3 9. Qxf3 e6 10. Bd3 Qe7 11. a3 Nbd7 12. cxd5 cxd5 13. Na4 Ne8 14. O-O Nd6
15. b5 Rfc8 16. Rfc1 Qd8 17. Bc3 Bf8 18. Qd1 Nc4 1/2-1/2

[Event "Aeroflot Open 2012 A"]
[Site "Moscow"]
[Date "2012.02.11"]
[Round "5"]
[White "Nisipeanu, Liviu-Dieter"]
[Black "Jankovic, Alojzije"]
[Result "1/2-1/2"]
[WhiteElo "2647"]
[BlackElo "2568"]
[PlyCount "67"]
[EventDate "2012.02.07"]
[EventRounds "9"]
[EventCountry "RUS"]

1. d4 Nf6 2. c4 e6 3. Nc3 Bb4 4. e3 O-O 5. Bd3 c5 6. Nf3 b6 7. O-O Bb7 8. Qe2
Bxc3 9. bxc3 Be4 10. Nd2 Bxd3 11. Qxd3 d6 12. e4 cxd4 13. cxd4 e5 14. Ba3 exd4
15. Nb3 Na6 16. f3 Nc5 17. Qxd4 Qd7 18. Qe3 Qa4 19. Nd4 Qxc4 20. Rfd1 Rfd8 21.
Rac1 Qa4 22. Nf5 Ne8 23. Rd4 Qa6 24. Rcd1 Ne6 25. R4d2 Qa4 26. h4 h5 27. Bb2
Rd7 28. Rc1 Rad8 29. Kh2 d5 30. Rxd5 Rxd5 31. exd5 Qf4+ 32. Qxf4 Nxf4 33. Ne7+
Kh7 34. Rc8 1/2-1/2

[Event "Aeroflot Open 2012 A"]
[Site "Moscow"]
[Date "2012.02.11"]
[Round "5"]
[White "Yilmaz, Mustafa"]
[Black "Ni, Hua"]
[Result "1/2-1/2"]
[WhiteElo "2521"]
[BlackElo "2641"]
[PlyCount "94"]
[EventDate "2012.02.07"]
[EventRounds "9"]
[EventCountry "RUS"]

1. d4 d5 2. c4 c6 3. Nf3 Nf6 4. Nbd2 Bf5 5. Nh4 Be4 6. f3 Bg6 7. Qb3 Nbd7 8.
Nxg6 hxg6 9. Qxb7 e5 10. cxd5 Nxd5 11. Qxc6 Nb4 12. Qa4 Rc8 13. Rb1 exd4 14.
Ne4 Be7 15. Bd2 Nc2+ 16. Kf2 f5 17. Ba5 Bh4+ 18. g3 Qe7 19. Rc1 Bxg3+ 20. Kg1
Bf4 21. Rxc2 Rxc2 22. Qxc2 fxe4 23. Qxe4 Qxe4 24. fxe4 O-O 25. Be1 Be3+ 26. Kg2
Rc8 27. Bg3 Rc2 28. Kf3 Rxb2 29. Bh3 Nf8 30. Bd6 g5 31. Bg4 Kf7 32. h4 gxh4 33.
Rxh4 Ne6 34. Bxe6+ Kxe6 35. e5 Rxa2 36. Rh8 a5 37. Rg8 Bh6 38. Ke4 Rxe2+ 39.
Kxd4 a4 40. Re8+ Kf5 41. Rf8+ Kg4 42. Rf7 g6 43. Rf6 Kh5 44. Kd5 a3 45. Bxa3
Bg7 46. Re6 g5 47. Re8 Rxe5+ 1/2-1/2

[Event "Aeroflot Open 2012 A"]
[Site "Moscow"]
[Date "2012.02.11"]
[Round "5"]
[White "Yu, Yangyi"]
[Black "Fedoseev, Vladimir"]
[Result "0-1"]
[WhiteElo "2631"]
[BlackElo "2525"]
[PlyCount "104"]
[EventDate "2012.02.07"]
[EventRounds "9"]
[EventCountry "RUS"]

1. e4 e6 2. d4 d5 3. Nc3 Bb4 4. e5 c5 5. a3 Bxc3+ 6. bxc3 Qa5 7. Bd2 Qa4 8. Qb1
c4 9. Be2 Nc6 10. Nf3 Bd7 11. O-O O-O-O 12. Ng5 Rf8 13. Bh5 Be8 14. Qd1 Nge7
15. Ra2 h6 16. Nh3 Bd7 17. Re1 f5 18. exf6 gxf6 19. Bg4 e5 20. Bxd7+ Kxd7 21.
Qg4+ Kc7 22. Qe6 Qa5 23. Rb1 Rh7 24. dxe5 fxe5 25. Bxh6 Rg8 26. Be3 Rg6 27.
Rxb7+ Kxb7 28. Qd7+ Ka8 29. Rb2 Qa6 30. Ng5 Rh8 31. Ne6 Rxe6 32. Qxe6 Qxa3 33.
Rb1 Qa2 34. Rc1 Rb8 35. h4 Rb1 36. Rxb1 Qxb1+ 37. Kh2 Qxc2 38. Bg5 Qf5 39. Qd6
Qf7 40. Kg1 d4 41. h5 dxc3 42. h6 c2 43. Be3 Qd5 44. Qf6 Qd3 45. Kh2 Kb7 46.
Qf7 Qg6 47. Qxc4 Qh5+ 48. Kg1 Qd1+ 49. Kh2 Nd5 50. h7 Qh5+ 51. Kg1 Nxe3 52.
fxe3 Qxh7 0-1

[Event "Aeroflot Open 2012 A"]
[Site "Moscow"]
[Date "2012.02.11"]
[Round "5"]
[White "Zhou, Jianchao"]
[Black "Gundavaa, Bayarsaikhan"]
[Result "1/2-1/2"]
[WhiteElo "2619"]
[BlackElo "2493"]
[PlyCount "135"]
[EventDate "2012.02.07"]
[EventRounds "9"]
[EventCountry "RUS"]

1. Nf3 Nf6 2. c4 e6 3. Nc3 d5 4. d4 Bb4 5. cxd5 exd5 6. Bg5 Nbd7 7. Rc1 c6 8.
a3 Bd6 9. e3 O-O 10. Bd3 Re8 11. O-O Nf8 12. Re1 h6 13. Bxf6 Qxf6 14. e4 dxe4
15. Nxe4 Qd8 16. Qb3 Re7 17. Bc4 Be6 18. Rcd1 Bxc4 19. Qxc4 Rd7 20. g3 Qc7 21.
Qa4 a6 22. Rc1 Qb6 23. b4 Rad8 24. Ne5 Bxe5 25. dxe5 Rd5 26. Nc5 Ne6 27. Nxe6
fxe6 28. Qb3 Qd4 29. Qe3 Qxe3 30. Rxe3 Rd2 31. Rce1 Ra2 32. Kg2 Rd4 33. Rf3
Rad2 34. Ree3 Rc2 35. h3 c5 36. Rd3 Re2 37. Rxd4 cxd4 38. Rd3 Rxe5 39. Rxd4 a5
40. Kf3 axb4 41. Rxb4 Ra5 42. a4 Kh7 43. Rxb7 Rxa4 44. Rb6 Ra3+ 45. Kg2 e5 46.
Rb5 e4 47. Rb4 e3 48. f4 Kg6 49. Re4 Kf5 50. Re5+ Kf6 51. h4 g6 52. g4 e2 53.
g5+ hxg5 54. hxg5+ Kf7 55. Rxe2 Rb3 56. Kf2 Ra3 57. Re3 Ra4 58. Kf3 Kf8 59. Rd3
Ke7 60. Rc3 Kf7 61. Rc7+ Kf8 62. Rd7 Ra1 63. Ke4 Re1+ 64. Kd5 Re2 65. Rd6 Kf7
66. Rf6+ Kg7 67. Re6 Rd2+ 68. Kc4 1/2-1/2

[Event "Aeroflot Open 2012 A"]
[Site "Moscow"]
[Date "2012.02.11"]
[Round "5"]
[White "Rakhmanov, Aleksandr"]
[Black "Solak, Dragan"]
[Result "1-0"]
[WhiteElo "2593"]
[BlackElo "2613"]
[PlyCount "63"]
[EventDate "2012.02.07"]
[EventRounds "9"]
[EventCountry "RUS"]

1. d4 d5 2. c4 c6 3. Nf3 Nf6 4. Qb3 dxc4 5. Qxc4 Bf5 6. g3 e6 7. Bg2 Nbd7 8.
O-O Be7 9. e3 O-O 10. Rd1 Rc8 11. Qe2 c5 12. Nc3 Ne4 13. dxc5 Nxc3 14. bxc3 Qe8
15. c6 Rxc6 16. Nd4 Rb6 17. a4 Nc5 18. a5 Rd6 19. Ba3 Rd7 20. Bxc5 Bxc5 21. a6
Bxd4 22. cxd4 bxa6 23. Bc6 e5 24. Bxd7 Bxd7 25. d5 e4 26. Qh5 g6 27. Qh4 Bb5
28. Rd4 Bd3 29. d6 Qd7 30. Qe7 Qh3 31. Rxd3 exd3 32. d7 1-0

[Event "Aeroflot Open 2012 A"]
[Site "Moscow"]
[Date "2012.02.11"]
[Round "5"]
[White "Ju, Wenjun"]
[Black "Bocharov, Dmitry"]
[Result "0-1"]
[WhiteElo "2552"]
[BlackElo "2611"]
[PlyCount "106"]
[EventDate "2012.02.07"]
[EventRounds "9"]
[EventCountry "RUS"]

1. d4 d6 2. g3 g6 3. Bg2 Bg7 4. Nf3 c5 5. O-O cxd4 6. Nxd4 Qb6 7. Nb3 Nf6 8. c4
O-O 9. Nc3 Nc6 10. Nd5 Nxd5 11. cxd5 Ne5 12. Be3 Qa6 13. Bd4 Bg4 14. f3 Bd7 15.
f4 Nc4 16. Bxg7 Kxg7 17. Qd4+ Kg8 18. Rfc1 Rfc8 19. e3 b5 20. Bf1 Nb6 21. Rxc8+
Rxc8 22. Qe4 Bf5 23. Qf3 Qa4 24. Nd4 Bd7 25. a3 b4 26. f5 Qa5 27. fxg6 hxg6 28.
Nc6 Bxc6 29. dxc6 d5 30. Qd1 Qc5 31. Qd2 a5 32. axb4 axb4 33. Rc1 Nc4 34. b3
Qxe3+ 35. Qxe3 Nxe3 36. Bb5 Rc7 37. Ra1 Kg7 38. Ra8 Kf6 39. Rd8 e6 40. Ba4 Nc2
41. Rb8 Ke7 42. Kf2 Nd4 43. Rxb4 Nxc6 44. Bxc6 Rxc6 45. Rb7+ Kf6 46. b4 Rc2+
47. Ke3 Rxh2 48. b5 Rg2 49. Kf3 Rb2 50. b6 e5 51. Rb8 Rb3+ 52. Kf2 Kf5 53. b7
Ke4 0-1

[Event "Aeroflot Open 2012 A"]
[Site "Moscow"]
[Date "2012.02.11"]
[Round "5"]
[White "Pap, Gyula"]
[Black "Ulibin, Mikhail"]
[Result "1-0"]
[WhiteElo "2533"]
[BlackElo "2587"]
[PlyCount "113"]
[EventDate "2012.02.07"]
[EventRounds "9"]
[EventCountry "RUS"]

1. Nf3 d5 2. d4 c5 3. c4 cxd4 4. cxd5 Nf6 5. Qa4+ Qd7 6. Qxd4 Qxd5 7. Nc3 Qxd4
8. Nxd4 Bd7 9. e4 Nc6 10. Nxc6 Bxc6 11. f3 e6 12. Be3 a6 13. Rc1 Be7 14. Ne2
O-O 15. Nd4 Bd7 16. Kf2 Rfc8 17. Bc4 Ne8 18. Nb3 Bf6 19. Nc5 Bb5 20. Bxb5 axb5
21. Nd3 Rd8 22. Ke2 Rxa2 23. Ra1 Ra4 24. e5 Be7 25. b3 Ra6 26. Rhc1 Rda8 27.
Rxa6 bxa6 28. b4 h5 29. Bb6 Kh7 30. Ke3 g5 31. Rc6 Kg6 32. g4 hxg4 33. fxg4 Ng7
34. Kf3 Bd8 35. Ba5 Be7 36. Nc5 Bxc5 37. bxc5 Ne8 38. Ke4 b4 39. Kd4 Rb8 40.
Rb6 Rd8+ 41. Kc4 Rd2 42. Rxa6 Ra2 43. Kxb4 Nc7 44. Bxc7 Rxa6 45. Ba5 f5 46. Kb5
Ra8 47. c6 fxg4 48. c7 Kf5 49. Kc6 Kxe5 50. Kb7 Rg8 51. c8=Q Rxc8 52. Kxc8 Kf4
53. Be1 e5 54. Bg3+ Ke4 55. Kd7 Kd5 56. Ke7 e4 57. Kf6 1-0

[Event "Aeroflot Open 2012 A"]
[Site "Moscow"]
[Date "2012.02.11"]
[Round "5"]
[White "Bukavshin, Ivan"]
[Black "Ipatov, Alexander"]
[Result "1/2-1/2"]
[WhiteElo "2517"]
[BlackElo "2586"]
[PlyCount "68"]
[EventDate "2012.02.07"]
[EventRounds "9"]
[EventCountry "RUS"]

1. d4 d5 2. c4 e6 3. Nc3 Be7 4. Bf4 Nf6 5. e3 O-O 6. Rc1 b6 7. g4 Bb7 8. Bg2
Na6 9. g5 Ne4 10. cxd5 Nxc3 11. bxc3 Bxd5 12. Nf3 Qc8 13. Qe2 Qb7 14. h4 f6 15.
Rh3 Rae8 16. gxf6 Bxf6 17. Bf1 Nb8 18. Ng5 Nd7 19. Qc2 Bxg5 20. hxg5 Be4 21.
Qd1 e5 22. Bg3 Re7 23. Rh4 Qc6 24. Kd2 Nc5 25. Bc4+ Bd5 26. Qh1 Rd8 27. Rxh7
Ne4+ 28. Qxe4 Qxc4 29. Qh4 Bf3 30. Rc2 Qe2+ 31. Kc1 Qf1+ 32. Kb2 Qb5+ 33. Ka1
Qf1+ 34. Kb2 Qb5+ 1/2-1/2

[Event "Aeroflot Open 2012 A"]
[Site "Moscow"]
[Date "2012.02.11"]
[Round "5"]
[White "Morovic Fernandez, Ivan"]
[Black "Harika, Dronavalli"]
[Result "1-0"]
[WhiteElo "2582"]
[BlackElo "2516"]
[PlyCount "105"]
[EventDate "2012.02.07"]
[EventRounds "9"]
[EventCountry "RUS"]

1. c4 c5 2. g3 g6 3. Bg2 Bg7 4. Nc3 Nc6 5. Nf3 d6 6. O-O Nf6 7. d4 O-O 8. dxc5
dxc5 9. Bf4 Be6 10. Ne5 Nxe5 11. Bxe5 Nh5 12. Bxg7 Nxg7 13. Qb3 Rb8 14. Rfd1
Qc8 15. Nd5 Nf5 16. Qa3 b5 17. cxb5 Rxb5 18. Rac1 Qb8 19. b3 Rc8 20. e3 Bxd5
21. Rxd5 Qb6 22. Bh3 e6 23. Rd7 c4 24. Qxa7 Qxa7 25. Rxa7 c3 26. Rd7 Rb6 27.
Bf1 Nd6 28. Bd3 Kf8 29. Ra7 e5 30. Kf1 e4 31. Bc2 f5 32. a4 Nf7 33. Rd1 Ne5 34.
Rd4 Nc6 35. Rd6 Nxa7 36. Rxb6 Nc6 37. Rb5 Rd8 38. Rc5 Nb4 39. Rxc3 Rd2 40. a5
Ke7 41. Rc4 Nxc2 42. a6 Na3 43. Rc7+ Ke6 44. a7 Rd8 45. Rc6+ Kd5 46. Ra6 Ra8
47. Rxa3 Kc5 48. Ra4 Kb6 49. Ke2 Rxa7 50. Rxa7 Kxa7 51. Kd2 Kb6 52. Kc3 Kc5 53.
b4+ 1-0

[Event "Aeroflot Open 2012 A"]
[Site "Moscow"]
[Date "2012.02.11"]
[Round "5"]
[White "Jumabayev, Rinat"]
[Black "Cori, Jorge"]
[Result "1-0"]
[WhiteElo "2573"]
[BlackElo "2489"]
[PlyCount "69"]
[EventDate "2012.02.07"]
[EventRounds "9"]
[EventCountry "RUS"]

1. Nf3 d5 2. d4 Nf6 3. c4 c6 4. e3 Bf5 5. Nc3 e6 6. Nh4 Bg6 7. Be2 Nbd7 8. g3
Be7 9. O-O O-O 10. Nxg6 hxg6 11. Qb3 Rb8 12. Bd2 b5 13. cxb5 cxb5 14. Rfc1 a6
15. a4 b4 16. Nd1 a5 17. f3 e5 18. Nf2 Qb6 19. Bb5 exd4 20. exd4 Rbc8 21. Be3
Qa7 22. Nd3 Bd6 23. Bf2 Rfd8 24. Ne5 Nb8 25. Rc2 Rc7 26. Kg2 Rdc8 27. Rac1 Qb7
28. g4 Rxc2 29. Rxc2 Rxc2 30. Qxc2 Nfd7 31. Bg3 Nb6 32. b3 g5 33. Nxf7 Bf4 34.
Bxf4 gxf4 35. Ng5 1-0

[Event "Aeroflot Open 2012 A"]
[Site "Moscow"]
[Date "2012.02.11"]
[Round "5"]
[White "Venkatesh, M.R."]
[Black "Ghaem Maghami, Ehsan"]
[Result "0-1"]
[WhiteElo "2499"]
[BlackElo "2570"]
[PlyCount "76"]
[EventDate "2012.02.07"]
[EventRounds "9"]
[EventCountry "RUS"]

1. Nf3 c5 2. c4 g6 3. Nc3 Bg7 4. g3 Nc6 5. Bg2 d6 6. O-O e6 7. a3 Nge7 8. d3
O-O 9. Bd2 b6 10. Rb1 Bb7 11. Qc1 Nf5 12. b4 Qd7 13. Ne1 h5 14. h3 Rac8 15. Qd1
Rfd8 16. Kh2 Nce7 17. e4 Nd4 18. Bg5 Re8 19. Qd2 cxb4 20. Rxb4 Nec6 21. Rb1 Na5
22. Qa2 d5 23. exd5 exd5 24. Nxd5 Re2 25. Bd2 Rce8 26. Nf3 Bxd5 27. cxd5 Qf5
28. Ng1 Qxd3 29. Rbd1 Nab3 30. Nxe2 Rxe2 31. Bg5 Qxd1 32. Rxd1 Rxa2 33. d6 Nc5
34. Be3 Nde6 35. d7 Bf6 36. Bd5 Rxa3 37. Bxc5 Nxc5 38. Bc4 Nb7 0-1

[Event "Aeroflot Open 2012 A"]
[Site "Moscow"]
[Date "2012.02.11"]
[Round "5"]
[White "Shyam, Sundar M"]
[Black "Alsina Leal, Daniel"]
[Result "0-1"]
[WhiteElo "2462"]
[BlackElo "2535"]
[PlyCount "108"]
[EventDate "2012.02.07"]
[EventRounds "9"]
[EventCountry "RUS"]

1. c4 Nf6 2. Nc3 d5 3. cxd5 Nxd5 4. g3 g6 5. Bg2 Nb6 6. Nf3 Bg7 7. d4 Nc6 8. e3
O-O 9. O-O Re8 10. Re1 a5 11. Qe2 e5 12. dxe5 Nxe5 13. Nxe5 Bxe5 14. e4 Be6 15.
f4 Bxc3 16. bxc3 Bd5 17. Qf2 Bc6 18. Ba3 Nc4 19. Bc5 b6 20. Rad1 Qf6 21. Bd4
Qe7 22. f5 Ba4 23. fxg6 fxg6 24. e5 Rad8 25. Bf1 Qe6 26. Qf6 Qxf6 27. exf6 Nd6
28. Rc1 Rxe1 29. Rxe1 Re8 30. Rxe8+ Bxe8 31. Be5 Kf7 32. Bh3 Bb5 33. Kf2 Bc4
34. a3 Be6 35. Bg2 Nc4 36. Bxc7 Nxa3 37. Bxb6 a4 38. c4 Nxc4 39. Bd4 a3 40. Ke2
Na5 41. Ke3 Nb3 42. Bc3 a2 43. Kf4 a1=Q 44. Bxa1 Nxa1 45. Kg5 Nc2 46. g4 Ne3
47. Bf3 h6+ 48. Kxh6 Bxg4 49. Be4 Bf5 50. Bxf5 Nxf5+ 51. Kg5 Nd6 52. h3 Ne4+
53. Kf4 Nxf6 54. Kg5 Kg7 0-1

[Event "Aeroflot Open 2012 A"]
[Site "Moscow"]
[Date "2012.02.11"]
[Round "5"]
[White "Szabo, Krisztian"]
[Black "Mamedov, Rauf"]
[Result "1/2-1/2"]
[WhiteElo "2547"]
[BlackElo "2636"]
[PlyCount "37"]
[EventDate "2012.02.07"]
[EventRounds "9"]
[EventCountry "RUS"]

1. e4 c5 2. Nf3 e6 3. d4 cxd4 4. Nxd4 a6 5. c4 Nc6 6. Nc3 Qc7 7. Be3 Nf6 8. a3
Be7 9. Be2 d6 10. O-O Bd7 11. Rc1 O-O 12. f3 Rac8 13. Na4 Ne5 14. b4 Rfe8 15.
Qb3 Ng6 16. Kh1 e5 17. Nf5 Bxf5 18. exf5 Nf4 19. Qa2 1/2-1/2

[Event "Aeroflot Open 2012 A"]
[Site "Moscow"]
[Date "2012.02.11"]
[Round "5"]
[White "Dubov, Daniil"]
[Black "Guseinov, Gadir"]
[Result "1-0"]
[WhiteElo "2498"]
[BlackElo "2634"]
[PlyCount "83"]
[EventDate "2012.02.07"]
[EventRounds "9"]
[EventCountry "RUS"]

1. d4 Nf6 2. c4 g6 3. Nc3 Bg7 4. e4 d6 5. Nf3 O-O 6. Be2 c5 7. d5 e6 8. O-O
exd5 9. exd5 Bg4 10. h3 Bxf3 11. Bxf3 Nbd7 12. Qc2 a6 13. a4 Re8 14. a5 Qc7 15.
Bd2 Re7 16. Rfe1 Rxe1+ 17. Bxe1 Re8 18. Bd2 h6 19. Be2 Re7 20. g3 Qc8 21. Kg2
Qe8 22. Bd3 Ne5 23. Be2 Ned7 24. Bd3 Ne5 25. Bf1 g5 26. Re1 Qc8 27. Nd1 g4 28.
hxg4 Qxg4 29. Be2 Qg6 30. Ne3 Ne4 31. Bh5 Qh7 32. Bc1 f5 33. Rh1 Nd7 34. Rh4
Bf6 35. Rf4 Bg5 36. Nxf5 Re5 37. Bg4 Ndf6 38. Rxe4 Rxe4 39. Bh3 Bxc1 40. Qxc1
h5 41. Qg5+ Kf7 42. Nxd6+ 1-0